Statistics for UEFA Euro 2016 Quiz

Click here to take the quiz!

General Stats

  • This quiz has been taken 16,966 times
  • The average score is 21 of 24

Answer Stats

Group Team % Correct
AFrance
98%
DSpain
97%
FPortugal
97%
BEngland
97%
CGermany
96%
EItaly
95%
BRussia
92%
ESweden
92%
EIreland
90%
EBelgium
90%
CPoland
89%
BWales
88%
ASwitzerland
88%
DCroatia
85%
BSlovakia
84%
FAustria
83%
FIceland
82%
ARomania
81%
CUkraine
81%
FHungary
79%
DCzech Republic
77%
DTurkey
75%
CNorthern Ireland
74%
AAlbania
74%

Score Distribution

Percentile by Number Answered

Percent of People with Each Score

Your Score History

You have not taken this quiz